header

Principles of marketing (Record no. 254917)

MARC details
000 -LEADER
fixed length control field 00375nam a22001577a 4500
003 - CONTROL NUMBER IDENTIFIER
control field OSt
005 - DATE AND TIME OF LATEST TRANSACTION
control field 20160803121516.0
008 - FIXED-LENGTH DATA ELEMENTS--GENERAL INFORMATION
fixed length control field 160803b xxu||||| |||| 00| 0 eng d
020 ## - INTERNATIONAL STANDARD BOOK NUMBER
International Standard Book Number 0131018612
040 ## - CATALOGING SOURCE
Transcribing agency N/A
100 ## - MAIN ENTRY--PERSONAL NAME
Personal name Koter philip
245 ## - TITLE STATEMENT
Title Principles of marketing
250 ## - EDITION STATEMENT
Edition statement 10th ed
260 ## - PUBLICATION, DISTRIBUTION, ETC. (IMPRINT)
Place of publication, distribution, etc New Jersey
Name of publisher, distributor, etc Pearson Education LTD
Date of publication, distribution, etc 2003
942 ## - ADDED ENTRY ELEMENTS (KOHA)
Source of classification or shelving scheme Library of Congress Classification
Koha item type Long Loan Books
Holdings
Withdrawn status Lost status Source of classification or shelving scheme Damaged status Not for loan Collection code Home library Current library Shelving location Date acquired Total Checkouts Full call number Barcode Date last seen Date checked out Price effective from Koha item type Total Renewals
    Library of Congress Classification     Non-fiction Rongo University Library Rongo University Library General Stacks 03/08/2016 2 HF 5415.K636 2003 201610498 30/08/2017 12/07/2017 03/08/2016 Long Loan Books  
    Library of Congress Classification       Rongo University Library Rongo University Library   06/07/2020 2 HF 5415.K636 2003 20190151 14/11/2023 30/10/2023 06/07/2020 Long Loan Books 1

© 2026 Rongo University
Contact us: librarian | system librarian | Rongo university